Projektování rodinných domků

Bibliographic Details
Main Author: Fess, Miroslav (Author)
Format: Book
Language:Undetermined
PhysicalDescription:166 s.
Published: Praha Státní nakladatelství technické literatury 1982

MARC

LEADER 00000nam a2200000 a 4500
001 vtls001286156
003 SK-MaSNL
005 20260301155345.0
008 240314s1982 xx 0 und
035 |a SNK000237698 
040 |a SNK  |b slo  |c SNK  |e AACR2 
100 1 |a Fess, Miroslav  |4 aut  |9 519491 
245 1 0 |a Projektování rodinných domků 
260 |a Praha  |b Státní nakladatelství technické literatury  |c 1982 
300 |a 166 s. 
958 |a OND 
999 |c 800644  |d 802574 
952 |t P60, <04>, [BOOK], {604}  |a SNK  |b SNK  |y VYP  |7 0  |p 17A0064844  |o snkIC 90217  |0 0  |1 0  |4 0  |d 1997-05-10  |l 0  |r 2005-01-02 00:00:00  |w 2026-02-24